书目信息 |
| 题名: |
从语句结构标点符号用法
|
|
| 作者: | 盛文澜 著 | |
| 分册: | ||
| 出版信息: | 福州 福建教育出版社 1987.03 |
|
| 页数: | 130页 | |
| 开本: | 21cm | |
| 丛书名: | ||
| 单 册: | ||
| 中图分类: | H155 | |
| 科图分类: | ||
| 主题词: | 汉语--写作 , 汉语--修辞 | |
| 电子资源: | ||
| ISBN: | ||
| 000 | 00602nam0 2200217 45 | |
| 001 | 0404281593 | |
| 005 | 20040428154721.9 | |
| 010 | @dCNY0.65 | |
| 091 | @a7159.1237 | |
| 100 | @a20040428d1987 km y0chiy0120 ea | |
| 101 | 0 | @achi |
| 105 | @a z 000yy | |
| 200 | 1 | @a从语句结构标点符号用法@ACong Yu Ju Jie Gou Biao Dian Fu Hao Yong Fa@f盛文澜著@FSheng Wen Lan Zhu |
| 210 | @a福州@c福建教育出版社@d1987.03 | |
| 215 | @a130页@d21cm | |
| 606 | 0 | @a汉语@x写作 |
| 606 | 0 | @a汉语@x修辞 |
| 690 | @aH155@v3 | |
| 701 | 0 | @a盛文澜@4著 |
| 801 | @aCN@bPftUser@c20040428 | |
| 905 | @f2@b204851-852@dH155@e163 | |
| 从语句结构标点符号用法/盛文澜著.-福州:福建教育出版社,1987.03 |
| 130页;21cm |
| ISBN :CNY0.65 |
| ● |
| 相关链接 |
|
|
|
|
正题名:从语句结构标点符号用法
索取号:H155/163
 
预约/预借
| 序号 | 登录号 | 条形码 | 馆藏地/架位号 | 状态 | 备注 |
| 1 | 0204851 | 000853614 | 第四借阅区/ [索取号:H155/163] | 在馆 | |
| 2 | 0204852 | 000853589 | 第四借阅区/ [索取号:H155/163] | 在馆 | |
| 3 | 0204853 | 000853650 | 第二样本阅览室/ [索取号:H155/163] | 在馆 |